000
00294 a2200109 4500
001
ART_44032
005
20260410161647.0
008
260409a
245
1
0
_a
SIPER
100
1
_a
Januszewski, Karina
773
0
_t
Consultor tributario
_g
- Año 11, Nº 127 (sep. 2017)
_w
REV474
999
_c
13909
_d
13909